[Event "Mittelfranken-chTB2a 1213"]
[Site "Germany"]
[Date "2012.10.21"]
[Round "2.6"]
[White "Schloetterer, Hermann"]
[Black "Riess, Michael"]
[Result "1-0"]
[WhiteElo "1933"]
[BlackElo "1527"]
[PlyCount "102"]
[EventDate "2012.10.07"]
[EventType "team-tourn"]
[EventRounds "9"]
[EventCountry "GER"]
[SourceTitle "EXT 2019"]
[Source "ChessBase"]
[SourceDate "2018.10.10"]
[SourceVersion "1"]
[SourceVersionDate "2018.10.10"]
[SourceQuality "1"]
[WhiteTeam "Nuernberg Zabo"]
[BlackTeam "Ansbach"]
[WhiteTeamCountry "GER"]
[BlackTeamCountry "GER"]

1. d4 d5 2. g3 Nf6 3. Bg2 Bf5 4. Nf3 e6 5. 0-0 Be7 6. c4 0-0 7. Nc3 c6 8. h3 Be4 9. Nxe4 Nxe4 10. Nd2 Nxd2 11. Qxd2 dxc4 12. e4 Qc7 13. Qc3 Nd7 14. Qxc4 Nb6 15. Qc2 Rac8 16. Be3 Nd7 17. Rac1 Qa5 18. Rfd1 Nb6 19. f4 h6 20. a3 Rfd8 21. Bf3 Nd7 22. Qf2 Nf6 23. g4 Rc7 24. Rc3 Rcd7 25. Rdc1 Ne8 26. d5 cxd5 27. exd5 exd5 28. b4 Qa6 29. Be2 Qf6 30. Bd4 Qh4 31. Qg2 Bd6 32. Rf1 Rc7 33. Rxc7 Nxc7 34. Bf2 Qf6 35. Bxa7 Re8 36. Bd3 Ne6 37. f5 Nf4 38. Qf3 Nxd3 39. Qxd3 Qb2 40. Rf2 Qc1+ 41. Kg2 Qc4 42. Qd2 Qe4+ 43. Rf3 Qe5 44. Kf1 Qa1+ 45. Kg2 Qe5 46. Bg1 Qe4 47. Bd4 Be5 48. Bxe5 Rxe5 49. Kf2 h5 50. Kg2 hxg4 51. hxg4 f6 1-0

[Event "Mittelfranken-chTB2a 1112"]
[Site "Germany"]
[Date "2012.02.26"]
[Round "7.6"]
[White "Sandner, Andreas"]
[Black "Riess, Michael"]
[Result "1/2-1/2"]
[WhiteElo "1840"]
[BlackElo "1527"]
[PlyCount "127"]
[EventDate "2011.09.25"]
[EventType "team-tourn"]
[EventRounds "9"]
[EventCountry "GER"]
[SourceTitle "EXT 2018"]
[Source "ChessBase"]
[SourceDate "2017.10.13"]
[SourceVersion "1"]
[SourceVersionDate "2017.10.13"]
[SourceQuality "1"]
[WhiteTeam "Bechhofen II"]
[BlackTeam "Ansbach"]
[WhiteTeamCountry "GER"]
[BlackTeamCountry "GER"]

1. d4 d5 2. c4 Nc6 3. Nf3 Bg4 4. e3 e6 5. Nbd2 Bxf3 6. Nxf3 Bb4+ 7. Bd2 Bxd2+ 8. Nxd2 Nf6 9. Qb3 Rb8 10. Bd3 0-0 11. Nf3 Na5 12. Qc3 Nxc4 13. Bxc4 dxc4 14. Qxc4 c6 15. 0-0 Qd5 16. Qa4 Ra8 17. Rac1 Nd7 18. Rc2 Nb6 19. Qa3 Nc4 20. Qd3 Nb6 21. b3 h6 22. Rc5 Qd6 23. Rfc1 Nd7 24. R5c3 Nb6 25. Qe2 Nd5 26. Rc5 Nb6 27. Ne5 Nd7 28. Nxd7 Qxd7 29. h3 Rfd8 30. b4 a6 31. a4 Rac8 32. Qc2 Rb8 33. Qb3 Qe7 34. b5 axb5 35. axb5 Rdc8 36. Qa4 Ra8 37. Qc2 Qd7 38. bxc6 Rxc6 39. Rxc6 bxc6 40. Qxc6 Qxc6 41. Rxc6 Ra1+ 42. Kh2 Ra2 43. Kg3 g6 44. Kf3 Kg7 45. Rc3 f5 46. Rc6 Kf7 47. Rc1 Rd2 48. Re1 Kf6 49. Re2 Rd3 50. Ra2 h5 51. Ke2 Rb3 52. f3 Rb1 53. e4 Rg1 54. Ke3 fxe4 55. fxe4 Re1+ 56. Re2 Ra1 57. Rf2+ Ke7 58. Kf4 Ra5 59. Rc2 g5+ 60. Kf3 Ra3+ 61. Ke2 Rg3 62. Kf2 Rd3 63. Rc5 Kf6 64. Rc4 1/2-1/2

[Event "Mittelfranken-chTB2a 1112"]
[Site "Germany"]
[Date "2011.12.11"]
[Round "4.8"]
[White "Riess, Michael"]
[Black "Grossner, Josef"]
[Result "0-1"]
[WhiteElo "1509"]
[BlackElo "1647"]
[PlyCount "68"]
[EventDate "2011.09.25"]
[EventType "team-tourn"]
[EventRounds "9"]
[EventCountry "GER"]
[SourceTitle "EXT 2013"]
[Source "ChessBase"]
[SourceDate "2012.11.22"]
[SourceVersion "1"]
[SourceVersionDate "2012.11.22"]
[SourceQuality "1"]
[WhiteTeam "Ansbach"]
[BlackTeam "Fuerth II"]
[WhiteTeamCountry "GER"]
[BlackTeamCountry "GER"]

1. e4 e6 2. d4 d5 3. Nc3 Bb4 4. a3 Bxc3+ 5. bxc3 Ne7 6. Bd3 c5 7. Bb5+ Bd7 8. Bxd7+ Nxd7 9. e5 Qc7 10. Ne2 Rc8 11. Ra2 0-0 12. 0-0 Nb6 13. f4 Nc4 14. Rf3 Qa5 15. Bd2 cxd4 16. Nxd4 Qb6 17. Kh1 Nc6 18. Nb3 N6a5 19. Bc1 Nc6 20. Qg1 Qd8 21. Rd3 Qe7 22. Be3 Nxe3 23. Qxe3 Qc7 24. h3 a6 25. Rb2 b5 26. Kh2 Nb8 27. Nd4 Nd7 28. Nb3 Nb6 29. Nd2 Na4 30. Rb4 Nxc3 31. Nb1 Nxb1 32. Rxb1 Qxc2 33. Rbb3 Qc1 34. Qa7 Qxf4+ 0-1

[Event "Mittelfranken-chTB2a 1112"]
[Site "Germany"]
[Date "2011.09.25"]
[Round "1.7"]
[White "Riess, Michael"]
[Black "Koch, Walter1111"]
[Result "0-1"]
[WhiteElo "1509"]
[BlackElo "1842"]
[PlyCount "84"]
[EventDate "2011.09.25"]
[EventType "team-tourn"]
[EventRounds "9"]
[EventCountry "GER"]
[SourceTitle "EXT 2013"]
[Source "ChessBase"]
[SourceDate "2012.11.22"]
[SourceVersion "1"]
[SourceVersionDate "2012.11.22"]
[SourceQuality "1"]
[WhiteTeam "Ansbach"]
[BlackTeam "Cadolzburg"]
[WhiteTeamCountry "GER"]
[BlackTeamCountry "GER"]

1. e4 d5 2. exd5 Nf6 3. Nf3 Nxd5 4. d4 Bg4 5. Be2 g6 6. h3 Bxf3 7. Bxf3 c6 8. 0-0 Bg7 9. c3 0-0 10. Nd2 Nd7 11. Bxd5 cxd5 12. Nf3 e6 13. Re1 Rc8 14. Bf4 Qb6 15. Qd2 Rc6 16. Ne5 Nxe5 17. Bxe5 Bxe5 18. Rxe5 Kg7 19. Rb1 Rfc8 20. Ree1 Qa5 21. a3 b5 22. Qe3 Qc7 23. Qe5+ Qxe5 24. Rxe5 a5 25. Re2 Rc4 26. Rd2 Kf6 27. g3 b4 28. axb4 axb4 29. cxb4 Rxb4 30. Kg2 Rcc4 31. Rbd1 Rb3 32. f3 Rcb4 33. Rb1 Re3 34. Rf1 Rbb3 35. Rff2 h5 36. h4 Ke7 37. Rc2 Red3 38. Rcd2 Kd6 39. g4 hxg4 40. fxg4 Ke7 41. Rxd3 Rxd3 42. b4 Rxd4 0-1

[Event "Nuremberg Zabo op 10th"]
[Site "Nuremberg"]
[Date "2008.09.19"]
[Round "1"]
[White "Sippl, Martin"]
[Black "Riess, Michael"]
[Result "1-0"]
[WhiteElo "1983"]
[BlackElo "1501"]
[PlyCount "57"]
[EventDate "2008.09.19"]
[EventType "swiss"]
[EventRounds "5"]
[EventCountry "GER"]
[SourceTitle "EXT 2012"]
[Source "ChessBase"]
[SourceDate "2011.11.24"]
[SourceVersion "1"]
[SourceVersionDate "2011.11.24"]
[SourceQuality "1"]

1. e4 e6 2. d4 d5 3. Nc3 dxe4 4. Nxe4 Nd7 5. Nf3 Ngf6 6. Ng3 Be7 7. Bd3 0-0 8. c3 c5 9. 0-0 b6 10. Ne5 Bb7 11. Qe2 cxd4 12. cxd4 Rc8 13. Bd2 Bd6 14. Rfe1 Bxe5 15. dxe5 Nxe5 16. Bb1 Qd5 17. f3 Ned7 18. Kh1 Rfd8 19. Ne4 Nf8 20. Nxf6+ gxf6 21. Bc3 Qg5 22. Qf2 Ng6 23. Be4 Bxe4 24. Rxe4 f5 25. h4 Qh6 26. Ra4 b5 27. Rxa7 Qxh4+ 28. Qxh4 Nxh4 29. Bf6 1-0

[Event "Mittelfranken-ch QT 55th"]
[Site "Postbauer"]
[Date "2006.04.14"]
[Round "6"]
[White "Riess, Michael"]
[Black "Stahl, Peter1111"]
[Result "1/2-1/2"]
[WhiteElo "1432"]
[BlackElo "1263"]
[PlyCount "85"]
[EventDate "2006.04.12"]
[EventType "swiss"]
[EventRounds "7"]
[EventCountry "GER"]
[SourceTitle "EXT 2015"]
[Source "ChessBase"]
[SourceDate "2014.11.20"]
[SourceVersion "1"]
[SourceVersionDate "2014.11.20"]
[SourceQuality "1"]

1. e4 e5 2. d4 exd4 3. Bc4 Bb4+ 4. c3 dxc3 5. bxc3 Bc5 6. Bxf7+ Kxf7 7. Qh5+ Kf8 8. Qxc5+ d6 9. Qe3 Nc6 10. Nf3 Qe7 11. 0-0 Nh6 12. h3 Nf7 13. Nbd2 b6 14. Re1 Bb7 15. a4 a5 16. Nb3 h6 17. Ba3 Nce5 18. Nxe5 Nxe5 19. Nd2 Nf7 20. f4 c5 21. c4 Re8 22. Qg3 Rg8 23. Qf2 Qd7 24. Bb2 Bc6 25. e5 d5 26. cxd5 Bxd5 27. Red1 Be6 28. Nf3 Qc8 29. Nh4 Bf5 30. Nxf5 Qxf5 31. Ra3 g5 32. fxg5 Qxf2+ 33. Kxf2 Rxg5 34. Rf3 Ke7 35. Re1 Nd8 36. e6 Kd6 37. Bf6 Rg6 38. Rd3+ Kc7 39. Bxd8+ Rxd8 40. e7 Re8 41. Rf3 Rg7 42. Rfe3 Rf7+ 43. Kg1 1/2-1/2

[Event "Nuremberg Zabo op 07th"]
[Site "Nuremberg"]
[Date "2005.09.24"]
[Round "2"]
[White "Babichev, Vyacheslav"]
[Black "Riess, Michael"]
[Result "1/2-1/2"]
[WhiteElo "1694"]
[BlackElo "1518"]
[PlyCount "120"]
[EventDate "2005.09.23"]
[EventType "swiss"]
[EventRounds "5"]
[EventCountry "GER"]
[SourceTitle "EXT 2012"]
[Source "ChessBase"]
[SourceDate "2011.11.24"]
[SourceVersion "1"]
[SourceVersionDate "2011.11.24"]
[SourceQuality "1"]

1. e4 e6 2. d4 d5 3. Nd2 dxe4 4. Nxe4 Nd7 5. Nf3 Ngf6 6. Bd3 b6 7. Bg5 Be7 8. c3 Bb7 9. Nxf6+ Bxf6 10. Bf4 0-0 11. Qc2 g6 12. 0-0-0 Bxf3 13. gxf3 Bg5 14. Be3 Qf6 15. Be4 Rac8 16. Rdg1 Bxe3+ 17. fxe3 c5 18. h4 cxd4 19. exd4 Qf4+ 20. Qd2 Qxd2+ 21. Kxd2 f5 22. Bb7 Rc7 23. Ba6 e5 24. d5 Nc5 25. Be2 e4 26. h5 Kg7 27. f4 Rd8 28. c4 Ne6 29. Ke3 Nf8 30. b3 b5 31. Rh2 bxc4 32. hxg6 hxg6 33. Bxc4 Nh7 34. Rhg2 Nf8 35. Rg5 Kf6 36. R5g2 Rh7 37. a4 Rh3+ 38. Rg3 Rxg3+ 39. Rxg3 Rd7 40. Rh3 Rh7 41. Rxh7 Nxh7 42. d6 Nf8 43. b4 Nd7 44. a5 g5 45. fxg5+ Kxg5 46. a6 Kf6 47. Kf4 Nb6 48. Bg8 e3 49. Kxe3 Ke5 50. b5 Kxd6 51. Kd4 f4 52. Bh7 Nd7 53. Bd3 Kc7 54. Kd5 Kb6 55. Bf1 f3 56. Ke4 f2 57. Ke3 Nc5 58. Kxf2 Ne4+ 59. Ke3 Nc3 60. Kd2 Nxb5 1/2-1/2

[Event "Nuremberg Zabo op 07th"]
[Site "Nuremberg"]
[Date "2005.09.24"]
[Round "3"]
[White "Linkies, Michael"]
[Black "Riess, Michael"]
[Result "1/2-1/2"]
[WhiteElo "1661"]
[BlackElo "1518"]
[PlyCount "54"]
[EventDate "2005.09.23"]
[EventType "swiss"]
[EventRounds "5"]
[EventCountry "GER"]
[SourceTitle "EXT 2012"]
[Source "ChessBase"]
[SourceDate "2011.11.24"]
[SourceVersion "1"]
[SourceVersionDate "2011.11.24"]
[SourceQuality "1"]

1. c4 Nf6 2. Nc3 e5 3. g3 d5 4. cxd5 Nxd5 5. Bg2 Nxc3 6. bxc3 Bc5 7. Qa4+ c6 8. Nf3 Qf6 9. 0-0 0-0 10. d4 exd4 11. cxd4 Bb6 12. e3 Bf5 13. Bd2 Be4 14. Ne5 Bxg2 15. Kxg2 Bc7 16. Nf3 Nd7 17. Qb3 b6 18. Rfc1 c5 19. Qb5 Qe7 20. dxc5 Nxc5 21. Bb4 Bd6 22. Rd1 Ne4 23. Bxd6 Nxd6 24. Qb4 Nf5 25. Qf4 Qe6 26. Nd4 Nxd4 27. Qxd4 Qe7 1/2-1/2

[Event "Nuremberg-ch op 05th"]
[Site "Nuremberg"]
[Date "2005.05.08"]
[Round "5"]
[White "Kretschmer, Wolfgang"]
[Black "Riess, Michael"]
[Result "1-0"]
[WhiteElo "1682"]
[BlackElo "1508"]
[PlyCount "117"]
[EventDate "2005.05.06"]
[EventType "swiss"]
[EventRounds "5"]
[EventCountry "GER"]
[SourceTitle "EXT 2007"]
[Source "ChessBase"]
[SourceDate "2006.11.23"]
[SourceVersion "1"]
[SourceVersionDate "2006.11.23"]
[SourceQuality "1"]

1. c4 Nf6 2. Nc3 e5 3. g3 Nc6 4. Bg2 Be7 5. e3 Bc5 6. Nge2 0-0 7. a3 a6 8. b4 Be7 9. 0-0 d6 10. d4 exd4 11. exd4 Nb8 12. Bb2 c6 13. Qb3 Be6 14. Nf4 Bf5 15. Rfe1 Re8 16. b5 axb5 17. cxb5 d5 18. bxc6 bxc6 19. a4 Nbd7 20. Qa2 Bb4 21. Rec1 Nb6 22. Qb3 Ba5 23. Nb1 Nc4 24. Bc3 Rb8 25. Bxa5 Nxa5 26. Qc3 Nb3 27. Nd2 Nxc1 28. Rxc1 Bd7 29. Nb3 Ne4 30. Bxe4 Rxe4 31. Nc5 Re7 32. a5 Bc8 33. Nfd3 Ra8 34. Ne5 Qxa5 35. Qxa5 Rxa5 36. Nxc6 Rea7 37. Nxa7 Rxa7 38. Nb3 Ra8 39. Kg2 Be6 40. Nc5 Rc8 41. Re1 Re8 42. Re5 g6 43. f4 h5 44. h3 Kg7 45. g4 Kh6 46. f5 gxf5 47. gxf5 Rg8+ 48. Kf3 Bc8 49. Rxd5 f6 50. Kf4 Rg1 51. Rd6 Rf1+ 52. Ke3 Rxf5 53. Rd8 Rxc5 54. dxc5 Bxh3 55. c6 Kg5 56. c7 h4 57. c8Q Bxc8 58. Rxc8 f5 59. Kf3 1-0

[Event "Mittelfranken-ch QT 49th"]
[Site "Ansbach"]
[Date "2000.??.??"]
[Round "7"]
[White "Riess, Michael"]
[Black "Doering, Sandra"]
[Result "0-1"]
[WhiteElo "1266"]
[BlackElo "1581"]
[PlyCount "54"]
[EventDate "2000.04.19"]
[EventType "swiss"]
[EventRounds "7"]
[EventCountry "GER"]
[SourceTitle "EXT 2015"]
[Source "ChessBase"]
[SourceDate "2014.11.20"]
[SourceVersion "1"]
[SourceVersionDate "2014.11.20"]
[SourceQuality "1"]

1. e4 e5 2. Nf3 Nc6 3. Bc4 Nf6 4. Nc3 Bc5 5. d3 d6 6. h3 Be6 7. Bxe6 fxe6 8. 0-0 0-0 9. Re1 Qd7 10. Be3 Bb6 11. Na4 Bxe3 12. Rxe3 Ne7 13. Nc3 Ng6 14. Ne2 Nh5 15. d4 exd4 16. Qxd4 Nhf4 17. Nxf4 Nxf4 18. Rd1 Qb5 19. Rde1 Qh5 20. Qc3 Rf7 21. Nd2 Raf8 22. Rf3 e5 23. Qb3 b6 24. a3 Kh8 25. Qc3 g5 26. g4 Qh4 27. Rf1 Ne2+ 0-1